000 00835nam a22002651 4500
001 18705
003 BD-RjUL
005 20211209000325.0
008 140222s1963 nju b 001 0 eng
035 _a(BD-RjUL)18763
035 _a(OCoLC)169150
040 _aDLC
_cODaWU
_dOCoLC
_dUk
_dDLC
_dBD-RjUL
_beng
041 _aeng
082 _a339.4
_bCLT 1963
100 1 _aClarkson, Geoffrey P. E.
_957614
245 1 4 _aThe theory of consumer demand :
_ba critical appraisal /
_cGeoffrey P. E. Clarkson
260 _aEnglewood Cliffs, N.J. :
_bPrentice-Hall,
_cc1963.
300 _a152 p. ;
_c24 cm.
504 _aIncludes bibliography and index.
650 0 _aConsumption (Economics)
_957616
942 _2ddc
_cBK
999 _c18705
_d18705